Sociálne bývanie ako nástroj sociálnej kohézie vybraných skupín obyvateľstva

Bytová politika v Slovenskej republike uprednostňuje vlastnícku formu bývania, kde vnáša prvok subsidiarity a participácie, avšak podpora vybraných skupín obyvateľstva v sektore sociálneho bývania takmer absentuje. Nerozvinutý sociálny sektor bývania znižuje flexibilitu na trhu práce. Neuspokojenie...

Descrizione completa

Salvato in:
Dettagli Bibliografici
Autore principale: Sika, Peter, 1975-
Natura: Capitolo di libro
Lingua:slovacco
Soggetti:
Tags: Aggiungi Tag
Nessun Tag, puoi essere il primo ad aggiungerne!!

MARC

LEADER 00000nla a2200000 4500
001 0184542
005 20240502073149.7
041 0 |a slo 
044 |a SK 
245 1 0 |a Sociálne bývanie ako nástroj sociálnej kohézie vybraných skupín obyvateľstva  |c Peter Sika 
520 |a Bytová politika v Slovenskej republike uprednostňuje vlastnícku formu bývania, kde vnáša prvok subsidiarity a participácie, avšak podpora vybraných skupín obyvateľstva v sektore sociálneho bývania takmer absentuje. Nerozvinutý sociálny sektor bývania znižuje flexibilitu na trhu práce. Neuspokojenie bývania ako ľudskej potreby vedie k závažným spoločenským javom, ktoré ohrozujú nielen jednotlivca, ale aj celú spoločnosť. 
610 2 0 |a bývanie 
610 2 0 |a byty sociálne 
610 2 0 |a služby sociálne 
610 2 0 |a Slovensko 
610 2 0 |a Európska únia 
610 2 0 |a politika sociálna 
610 2 0 |a kohézia 
100 1 |a Sika, Peter, 1975-